ARRUPE JESUIT UNIVERSITY

CORONAVIRUS -STOP THE SPREAD - CLEAN,DISINFECT,COVER

Kulturgeschichte Afrikas; (Record no. 125244)

MARC details
000 -LEADER
fixed length control field 01124cam a2200313I 4500
001 - CONTROL NUMBER
control field 4604785
003 - CONTROL NUMBER IDENTIFIER
control field ARRUPE
005 - DATE AND TIME OF LATEST TRANSACTION
control field 20160914120127.0
008 - FIXED-LENGTH DATA ELEMENTS--GENERAL INFORMATION
fixed length control field 721211s1933 sz abf b 000 0 ger
010 ## - LIBRARY OF CONGRESS CONTROL NUMBER
LC control number 34012279
035 ## - SYSTEM CONTROL NUMBER
System control number (OCoLC)ocm00511893
035 ## - SYSTEM CONTROL NUMBER
System control number (NNC)4604785
040 ## - CATALOGING SOURCE
Original cataloging agency DLC
Transcribing agency OUN
Modifying agency SER
050 0# - LIBRARY OF CONGRESS CALL NUMBER
Classification number DT14
Item number .F68
098 ## - OTHER CLASSIFICATION SCHEMES (OCLC)
Call number based on other classification scheme MX11
300 ## - PHYSICAL DESCRIPTION
Other physical details map.
Dimensions 22 cm.
100 1# - MAIN ENTRY--PERSONAL NAME
Personal name Frobenius, Leo,
Dates associated with a name 1873-1938.
9 (RLIN) 25828
245 10 - TITLE STATEMENT
Title Kulturgeschichte Afrikas;
Remainder of title Prolegomena zu einer historischen Gestaltlehre ...
260 ## - PUBLICATION, DISTRIBUTION, ETC. (IMPRINT)
Place of publication, distribution, etc [Zürich]
Name of publisher, distributor, etc Phaidon-Verlag
Date of publication, distribution, etc [c1933]
300 ## - PHYSICAL DESCRIPTION
Extent 2 p. ., [3]-652 p. incl. front., illus., 164 pl. on 82 .
500 ## - GENERAL NOTE
General note "1.-15. Tausend."
500 ## - GENERAL NOTE
General note "Veröffentlichung des Forschungsinstituts für kulturmorphologie e. v., Frankfurt a.M."
504 ## - BIBLIOGRAPHY, ETC. NOTE
Bibliography, etc "Ubersicht über die wichtigsten Schriften von Leo Frobenius": p. [433]-434.
650 #0 - SUBJECT ADDED ENTRY--TOPICAL TERM
Topical term or geographic name as entry element Africa
General subdivision Civilization
-- History
9 (RLIN) 25829
650 #0 - SUBJECT ADDED ENTRY--TOPICAL TERM
Topical term or geographic name as entry element Art, Primitive.
9 (RLIN) 9543
650 #0 - SUBJECT ADDED ENTRY--TOPICAL TERM
Topical term or geographic name as entry element Literature, Primitive
9 (RLIN) 25830
710 2# - ADDED ENTRY--CORPORATE NAME
Corporate name or jurisdiction name as entry element Universität Frankfurt am Main.
Subordinate unit Frobenius-Institut.
9 (RLIN) 25831
942 ## - ADDED ENTRY ELEMENTS (KOHA)
Source of classification or shelving scheme Library of Congress Classification
Koha item type Monograph ( Printed materials)
Holdings
Withdrawn status Lost status Source of classification or shelving scheme Damaged status Not for loan Collection code Home library Current library Shelving location Date acquired Total Checkouts Full call number Barcode Date last seen Price effective from Koha item type
    Library of Congress Classification     Main Collection ARRUPE LIBRARY ARRUPE LIBRARY Main Collection 14/09/2016   DT14 .F68 46500010137 07/12/2017 14/09/2016 Monograph ( Printed materials)

 

Arrupe Library. PO Box MP320 Mt Pleasant, Harare, Zimbabwe
263 242 745411|librarian@aju.ac.zw